| 000 | 00525nam a22001697a 4500 | ||
|---|---|---|---|
| 003 | BD-DhUIB | ||
| 005 | 20260518190626.0 | ||
| 008 | 260518b |||||||| |||| 00| 0 eng d | ||
| 040 |
_aBD-DhUIB _cBD-DhUIB |
||
| 082 | _222 | ||
| 100 |
_aShiba, Shoji. _91122 |
||
| 245 |
_aFour practical revolations in management : _bsystems for creating unique organizational capability/ _cby Shoji Shiba, David Walden. |
||
| 260 |
_aAmerica. _bCRC press. _cc2001 |
||
| 300 |
_axxvi, 758p. : _billus. ; _c24cm. |
||
| 526 | _aMBA | ||
| 942 |
_2ddc _cBK |
||
| 999 |
_c710 _d710 |
||